Finančno-ekonomická analýza podniku za roky 2005-2007 diplomová práca
Saved in:
| Main Author: | |
|---|---|
| Corporate Author: | |
| Other Authors: | |
| Format: | Book |
| Language: | Slovak |
| Published: |
Bratislava
2009
|
| Tags: |
No Tags, Be the first to tag this record!
|
MARC
| LEADER | 00000nam$a2200000$$$4500 | ||
|---|---|---|---|
| 001 | 0101360 | ||
| 005 | 20240319124525.5 | ||
| 041 | 0 | |a slo | |
| 044 | |a SK | ||
| 245 | 1 | 0 | |a Finančno-ekonomická analýza podniku za roky 2005-2007 |b diplomová práca |c Katarína Bujdošová ; škol. Pavel Škriniar |
| 264 | 1 | |a Bratislava |c 2009 | |
| 300 | |a 67 s. | ||
| 100 | 1 | |a Bujdošová, Katarína | |
| 700 | 1 | |a Škriniar, Pavel, 1979- | |
| 710 | 2 | |a Fakulta podnikového manažmentu EU. Katedra podnikových financií | |